Online
Catalog

El ángel reencarnado / (Record no. 48287)

MARC details
000 -CABECERA
campo de control de longitud fija 00917nam a2200265 a 4500
001 - NÚMERO DE CONTROL
campo de control 000048799
003 - IDENTIFICADOR DEL NÚMERO DE CONTROL
campo de control DO-SdBNP
005 - FECHA Y HORA DE LA ÚLTIMA TRANSACCIÓN
campo de control 20240710114450.0
008 - DATOS DE LONGITUD FIJA--INFORMACIÓN GENERAL
campo de control de longitud fija 190412s2016 dr 000 0 spa d
020 ## - NÚMERO INTERNACIONAL ESTÁNDAR DEL LIBRO
Número Internacional Estándar del Libro 9789945890341
040 ## - FUENTE DE LA CATALOGACIÓN
Centro catalogador/agencia de origen DO-SdBNP
Lengua de catalogación spa
Centro/agencia transcriptor BNPHU
082 #4 - NÚMERO DE LA CLASIFICACIÓN DECIMAL DEWEY
Número de edición 22
Número de clasificación RD863.5
Número de documento/Ítem R696a
100 1# - ENTRADA PRINCIPAL--NOMBRE DE PERSONA
Nombre de persona Rodríguez, Marcos
9 (RLIN) 29858
245 13 - MENCIÓN DE TÍTULO
Título El ángel reencarnado /
Mención de responsabilidad, etc. Marcos Rodríguez ; prólogo Geraldo Castillo Javier.
260 ## - PUBLICACIÓN, DISTRIBUCIÓN, ETC.
Lugar de publicación, distribución, etc. Santo Domingo, :
Nombre del editor, distribuidor, etc. Centenario,
Fecha de publicación, distribución, etc. 2016.
300 ## - DESCRIPCIÓN FÍSICA
Extensión 158 p. ;
Dimensiones 22 cm.
500 ## - NOTA GENERAL
Nota general Incluye datos biografícos del autor en la contraportada.
590 ## - NOTA LOCAL (RLIN)
Nota local La biblioteca posee 1 ejemplar autografíado por el autor.
590 ## - NOTA LOCAL (RLIN)
Nota local Inventariado, 2019/ YL
650 #0 - PUNTO DE ACCESO ADICIONAL DE MATERIA--TÉRMINO DE MATERIA
Término de materia o nombre geográfico como elemento de entrada Novela dominicana
9 (RLIN) 223
650 #4 - PUNTO DE ACCESO ADICIONAL DE MATERIA--TÉRMINO DE MATERIA
Término de materia o nombre geográfico como elemento de entrada Literatura dominicana
9 (RLIN) 79606
700 1# - PUNTO DE ACCESO ADICIONAL--NOMBRE DE PERSONA
Nombre de persona Castillo Javier, Gerardo,
Fechas asociadas al nombre 1963-
Término indicativo de función/relación prólogo
9 (RLIN) 1677
910 ## - DATOS DE OPCIÓN DEL USUARIO (OCLC)
Datos de opción del usuario Validado. Control de calidad MFF
942 ## - ELEMENTOS DE PUNTO DE ACCESO ADICIONAL (KOHA)
Fuente del sistema de clasificación o colocación Dewey Decimal Classification
Tipo de ítem Koha Libro
Holdings
Estado de retiro Estado de pérdida Fuente del sistema de clasificación o colocación Restricciones de uso No para préstamo Código de colección Localización permanente Ubicación/localización actual Ubicación en estantería Fecha de adquisición Total de préstamos Signatura topográfica completa Código de barras Fecha visto por última vez Número de copia Precio válido a partir de Tipo de ítem Koha Fuente de adquisición
    Dewey Decimal Classification Excluido de préstamo   Dominicana de Servicio Biblioteca Nacional Pedro Henríquez Ureña Dominicana Depósito 12.04.2019   BNPHU DS RD863.5 R696a 48799-30 25.06.2020 e.3 25.06.2020 Libro y Folleto Colección Dominicana de Servicio  
    Dewey Decimal Classification Préstamo en sala   Dominicana de Servicio Biblioteca Nacional Pedro Henríquez Ureña Dominicana Depósito 02.08.2021   BNPHU DS RD863.5 R696a 2021-25341 02.08.2021 e.4 02.08.2021 Libro y Folleto Colección Dominicana de Servicio Editora Centenario
    Dewey Decimal Classification Excluido de préstamo   Patrimonio Dominicano Biblioteca Nacional Pedro Henríquez Ureña Patrimonio Dominicano Depósito 12.04.2019   BNPHU PD RD863.5 R696a 48799-10 25.06.2020   25.06.2020 Libro y Folleto Colección Patrimonio Dominicano  
    Dewey Decimal Classification Excluido de préstamo   Patrimonio Dominicano Biblioteca Nacional Pedro Henríquez Ureña Patrimonio Dominicano Depósito 12.04.2019   BNPHU PD RD863.5 R696a 48799-20 25.06.2020 e.2 25.06.2020 Libro y Folleto Colección Patrimonio Dominicano  

Powered by Koha